Suplemento como homenaje a Odysseas Elytis (Record no. 81163)

MARC details
000 -LEADER
campo de control de longitud fija 00585nam a2200193 i 4500
001 - NÚMERO DE CONTROL
campo de control 81163
003 - IDENTIFICADOR DE NÚMERO DE CONTROL
campo de control ES-MaACL
005 - FECHA Y HORA DE LA ÚLTIMA TRANSACCIÓN
campo de control 20230906174400.0
007 - CAMPO FIJO DE DESCRIPCIÓN FÍSICA--INFORMACIÓN GENERAL
campo de control de longitud fija t|
008 - DATOS DE LONGITUD FIJA--INFORMACIÓN GENERAL
campo de control de longitud fija 041103s1981 sp ||||1| spa d
245 00 - MENCIÓN DEL TÍTULO
Título Suplemento como homenaje a Odysseas Elytis
Resto del título : Cuadernos de Poesía Nueva.
260 ## - PUBLICACIÓN, DISTRIBUCIÓN, ETC.
Lugar de publicación, distribución, etc. Madrid :
Nombre del editor, distribuidor, etc. [s.n.,
Fecha de publicación, distribución, etc. 1981]
300 ## - DESCRIPCIÓN FÍSICA
Extensión 12 h. ;
Dimensiones 21 cm.
490 1# - MENCIÓN DE SERIE
Mención de serie Taller Prometeo de Poesía Nueva
740 0# - ENTRADA AGREGADA--TÍTULO RELACIONADO/ANALÍTICO NO CONTROLADO
Título relacionado o analítico no controlado Cuadernos de Poesía Nueva.
830 0# - PUNTO DE ACCESO ADICIONAL DE SERIE-TÍTULO UNIFORME
Título uniforme Taller Prometeo de Poesía Nueva
9 (RLIN) 231522
852 ## - LOCALIZACIÓN
Ubicación ES-MaACL
Número de control de estantería 2128-F-28
Sublocalización o colección R.101189
Holdings
Estatus retirado Estado de pérdida Estado de daño No para préstamo Colección Biblioteca de origen Biblioteca actual Ubicación en estantería Fecha de adquisición Fuente de adquisición Total de préstamos Signatura topográfica completa Código de barras Visto por última vez Precio de reemplazo Tipo de ítem Koha
        Colección de folletos Biblioteca del Ateneo de Madrid Biblioteca del Ateneo de Madrid Depósito folletos 17/01/2008     2128-F-28 1084845 23/02/2023 23/02/2023 Folleto